| 000 | 00401nam a2200145Ia 4500 | ||
|---|---|---|---|
| 008 | 230917s9999||||xx |||||||||||||| ||und|| | ||
| 040 |
_e179526 _aMAIN |
||
| 041 | _aEnglish | ||
| 082 | _a338.4791 B675C | ||
| 100 | _aBowen, David | ||
| 245 | 0 | _aContemporary tourist behaviour: Yourself and others as tourists | |
| 260 |
_aWallingford _bCAB International _c2009 |
||
| 300 | _ax, 289 p. | ||
| 942 | _cBK | ||
| 999 |
_c164477 _d164477 |
||